Relativity: (Record no. 206357)

MARC details
000 -LEADER
fixed length control field 00553nam a22001817a 4500
005 - DATE AND TIME OF LATEST TRANSACTION
control field 20241011162250.0
010 ## - LCCN (DPL NO)
LC control number ENG-142137
020 ## - INTERNATIONAL STANDARD BOOK NUMBER
Terms of availability 250.00
International Standard Book Number 9789357943376
035 ## - SYSTEM CONTROL NUMBER
System control number EN-125669
037 ## - SOURCE OF ACQUISITION
Source of stock number/acquisition DBAD
082 ## - DEWEY DECIMAL CLASSIFICATION NUMBER
Classification number 530.11
100 ## - MAIN ENTRY--PERSONAL NAME
Personal name Einstein, Albert
245 ## - TITLE STATEMENT
Title Relativity:
Remainder of title The Special and the General Theory/
Statement of responsibility, etc by Albert Einstein
260 ## - PUBLICATION, DISTRIBUTION, ETC. (IMPRINT)
Name of publisher, distributor, etc V & S Publishers
Place of publication, distribution, etc New Delhi
Date of publication, distribution, etc 2024
270 ## - ADDRESS
Address F-2/16, Ansari Rd, Daryaganj
City New Delhi
Postal code 110002
300 ## - PHYSICAL DESCRIPTION
Extent 111p.
Dimensions 21cm(Pb)
942 ## - ADDED ENTRY ELEMENTS (KOHA)
Source of classification or shelving scheme Dewey Decimal Classification
Item type English Books
Classification part 530.11
Call number suffix EIN
Holdings
Withdrawn status Lost status Not for loan Collection code Home library Current library Date acquired Source of acquisition Cost, normal purchase price Full call number Barcode Copy number Cost, replacement price Koha item type
      Non-fiction Sarojini Nagar Sarojini Nagar 11/10/2024 Delivery of Books Act Division 250.00 530.11 EIN EN-125669 1 250.00 English Books

© Delhi Public Library
Hit Counter
free hit counter